| 000 | 00850nam a22002297a 4500 | ||
|---|---|---|---|
| 008 | 090306t xxu||||| |||| 00| p eng d | ||
| 010 | _aENG-93127 | ||
| 020 | _c70.00 | ||
| 035 | _aEN-76660 | ||
| 037 | _bDBAD / PUB | ||
| 040 |
_adpl _bEnglish |
||
| 082 | _a881 | ||
| 100 | _aMangari Rajender 'Zimbo' | ||
| 245 |
_aRain inside / _cby Mangari Rajender ' Zimbo'; translated from the Telugu by Kesava Rao |
||
| 260 |
_aHyderabad _bProse Poetry _c2006 |
||
| 270 |
_a305, Soundarya Residency, LSt. no. 8, Himayathnage, _bChennai _e600040 |
||
| 300 |
_a71p. _c21cm (pbk) |
||
| 650 |
_aTelugu poetry _xTranslation into English. |
||
| 700 | _aRao, Kesava | ||
| 942 |
_2ddc _cEN _mMAN _h881 |
||
| 999 |
_c24976 _d24976 |
||